000 00666nam a2200277Ia 4500
005 20260324132656.0
008 008 260324s9999 xx 000 0 eng d
020 _a9781410611086
037 _aEBOOK
040 _aCRL
040 _beng
040 _cCRL
041 _2eng
041 _aeng
084 _qCRL
100 _aJames V. Hoffman; Diane Lemonnier Schallert
_91190188
245 4 _aThe Texts in Elementary Classrooms
260 _bTaylor and Francis
260 _c2004
365 _a
365 _b180
856 _uhttp://www.taylorfrancis.com/books/9781410611086
942 _cEBOOK
999 _c1788498
_d1788498